00669cam a2200217Ia 4500001000800000005001700008008004100025020001500066035002300081035001700104040001300121082001800134100002800152245005400180260006000234300002000294490002800314650003700342700002100379830005100400562435620220326193307.0060502s2005 cr 000 p spa d a9968834750 a(OCoLC)ocm68034521 a(NNC)5624356 aIXAcIXA a861.44bT787a1 aTrejos, Alfredo,d1977-10aArrullo para la noche tóxica /cAlfredo Trejos. aSan José, Costa Rica :bEdiciones Perro Azul,cc2005. a80 p. ;c21 cm.1 aColección de poesía aLteraturaxPoesía zCosta Rica aTrejos, Alfredo, 0aColección de poesía (Ediciones Perro Azul)